000 00381nam a2200157Ia 4500
008 210210b1954 xxu||||| |||| 00| 0 eng d
041 _aeng
082 _a825/139
100 _aBROWN (Douglas)
245 _aThomas hardy
260 _aLondon
_bLongmans Green and Company Limited
_c1954
650 _aThomas
650 _ahardy
690 _aEnglish Criticism
906 _a014457
999 _c133640
_d133640